| 000 | 00384cam a2200157ua 4500 | ||
|---|---|---|---|
| 003 | OSt | ||
| 008 | 250626b |||||||| |||| 00| 0 eng d | ||
| 041 | _aeng | ||
| 082 |
_a624.18341 _bMAN/RE |
||
| 100 |
_aManning , G P . _97605 |
||
| 245 | _aReinforced concrete design / | ||
| 250 | _a2 / | ||
| 260 |
_aLondon : _bLongaman Green and Co , _c1962. |
||
| 300 | _a498 ; . | ||
| 942 | _cBK | ||
| 999 |
_c2454 _d2454 |
||